Characteristics of the Aerosol Cloud Formed during Microexplosive Fragmentation of a Two-Component Liquid Drop; Technical Physics Letters; Vol. 45, iss. 8
| Parent link: | Technical Physics Letters Vol. 45, iss. 8.— 2019.— [P. 805-808] |
|---|---|
| Autor Principal: | |
| Autor Corporativo: | |
| Outros autores: | , |
| Summary: | Title screen Results of experimental investigation of the formation of aerosol cloud during explosive fragmentation of two-component (water–rapeseed oil) liquid drops intensely heated in hot airflow at a temperature within 250–450°C are presented. High-speed video monitoring was used for determining the size and outer surface area of the expanding aerosol cloud and the area of the free surface of liquid in comparison to analogous parameters of the initial drop. Dependences of these parameters on the temperature of heating and relative concentration (within 10–90 vol %) of a combustible component in the drop composition were studied. Conditions ensuring asymptotic character of these dependences are established. Режим доступа: по договору с организацией-держателем ресурса |
| Idioma: | inglés |
| Publicado: |
2019
|
| Subjects: | |
| Acceso en liña: | https://doi.org/10.1134/S1063785019080170 |
| Formato: | Electrónico Capítulo de libro |
| KOHA link: | https://koha.lib.tpu.ru/cgi-bin/koha/opac-detail.pl?biblionumber=660971 |
MARC
| LEADER | 00000naa0a2200000 4500 | ||
|---|---|---|---|
| 001 | 660971 | ||
| 005 | 20250409140654.0 | ||
| 035 | |a (RuTPU)RU\TPU\network\31175 | ||
| 035 | |a RU\TPU\network\27738 | ||
| 090 | |a 660971 | ||
| 100 | |a 20191113d2019 k||y0rusy50 ba | ||
| 101 | 0 | |a eng | |
| 135 | |a drcn ---uucaa | ||
| 181 | 0 | |a i | |
| 182 | 0 | |a b | |
| 200 | 1 | |a Characteristics of the Aerosol Cloud Formed during Microexplosive Fragmentation of a Two-Component Liquid Drop |f D. V. Antonov, G. V. Kuznetsov, P. A. Strizhak | |
| 203 | |a Text |c electronic | ||
| 300 | |a Title screen | ||
| 320 | |a [References: 10 tit.] | ||
| 330 | |a Results of experimental investigation of the formation of aerosol cloud during explosive fragmentation of two-component (water–rapeseed oil) liquid drops intensely heated in hot airflow at a temperature within 250–450°C are presented. High-speed video monitoring was used for determining the size and outer surface area of the expanding aerosol cloud and the area of the free surface of liquid in comparison to analogous parameters of the initial drop. Dependences of these parameters on the temperature of heating and relative concentration (within 10–90 vol %) of a combustible component in the drop composition were studied. Conditions ensuring asymptotic character of these dependences are established. | ||
| 333 | |a Режим доступа: по договору с организацией-держателем ресурса | ||
| 461 | |t Technical Physics Letters | ||
| 463 | |t Vol. 45, iss. 8 |v [P. 805-808] |d 2019 | ||
| 610 | 1 | |a электронный ресурс | |
| 610 | 1 | |a труды учёных ТПУ | |
| 610 | 1 | |a two-component liquid drop | |
| 610 | 1 | |a water | |
| 610 | 1 | |a rapeseed oil | |
| 610 | 1 | |a microexplosive fragmentation | |
| 610 | 1 | |a капли | |
| 610 | 1 | |a воды | |
| 610 | 1 | |a рапсовое масло | |
| 700 | 1 | |a Antonov |b D. V. |c specialist in the field of heat and power engineering |c Research Engineer of Tomsk Polytechnic University |f 1996- |g Dmitry Vladimirovich |3 (RuTPU)RU\TPU\pers\46666 | |
| 701 | 1 | |a Kuznetsov |b G. V. |c Specialist in the field of heat power energy |c Professor of Tomsk Polytechnic University, Doctor of Physical and Mathematical Sciences |f 1949- |g Geny Vladimirovich |3 (RuTPU)RU\TPU\pers\31891 |9 15963 | |
| 701 | 1 | |a Strizhak |b P. A. |c Specialist in the field of heat power energy |c Doctor of Physical and Mathematical Sciences (DSc), Professor of Tomsk Polytechnic University (TPU) |f 1985- |g Pavel Alexandrovich |3 (RuTPU)RU\TPU\pers\30871 |9 15117 | |
| 712 | 0 | 2 | |a Национальный исследовательский Томский политехнический университет |b Инженерная школа энергетики |b Научно-образовательный центр И. Н. Бутакова (НОЦ И. Н. Бутакова) |3 (RuTPU)RU\TPU\col\23504 |
| 801 | 2 | |a RU |b 63413507 |c 20201119 |g RCR | |
| 856 | 4 | |u https://doi.org/10.1134/S1063785019080170 | |
| 942 | |c CF | ||